000 00235nam a2200109Ia 4500
082 _a5
_bSHA
100 _aSharma, A. K.
245 _aData structures using C
260 _bPearson
_aN.Delhi
_c2011
300 _a446p.
942 _2ddc
_cBK
_016
999 _c5741
_d5741